A-Z: Japan - Statistics

General Stats
  • This quiz has been taken 37 times
  • The average score is 19 of 26
Answer Stats
Hint Answer % Correct
Iconic mountain near Tokyo F Fuji
100%
2nd biggest city in Japan O Osaka
100%
City that was destroyed by a nuclear bomb in 1945 N Nagasaki
97%
American military base that the Japanese attacked in 1941 P Pearl Harbor
97%
Currency of Japan Y Yen
97%
Japanese car brand T Toyota
94%
Export Kobe is famous for B Beef
91%
An unarmed Japanese martial art, which has been an Olympic sport since 1964 J Judo
91%
Chinese style noodles in broth R Ramen
91%
A state of calm attentiveness associated with buddhism Z Zen
91%
Former name of Tokyo E Edo
88%
Hostess trained to entertain men with conversation, dance, and song G Geisha
85%
Japanese multinational company, best known for making cameras and printers C Canon
79%
Ki is the Japanese equivalent of this Chinese word for spirit or energy Q Qi
79%
A plant from the horseradish family used extensively in Japanese cuisine W Wasabi
79%
Island with the city of Sapporo H Hokkaido
76%
This 3 letter acronym was the dominant video cassette format, invented in Japan in 1976 V VHS
76%
First Christian missionary to visit Japan; he also co-founded the Jesuit order and is a saint X Francis Xavier
61%
Former prime minister who was assassinated in 2022 A Shinzo Abe
61%
Military ruler of feudal Japan S Shogun
52%
Thick noodles made from wheat flour U Udon
52%
A system of Japanese writing using Chinese characters K Kanji
39%
Emperor who "restored" Japan M Meiji
39%
Former name of Nissan D Datsun
36%
English footballer and Match of the Day presenter who played for Nagoya Grampus in the early 1990's L Gary Lineker
24%
First name of Japanese fashion designer Miyake I Issey
15%
No matching quizzes found
Score Distribution
Percent of People with Each Score
Percentile by Number Answered
Your Score History
You have not taken this quiz